Готови да полетим (Запис номер 547204)
[ съкратено ]
| 000 -Лидер | |
|---|---|
| Контролно поле с фиксирана дължина | 00889nam a22002297a 4500 |
| 003 - Код на организацията, давaща контролен номер | |
| Контролно поле | BLK |
| 005 - Дата и час на последна редакция | |
| Контролно поле | 20250724145521.0 |
| 008 - Елементи от данни с фиксирана дължина | |
| fixed length control field | 200210b bu ||||| |||| 00| 0 bu d |
| 020 ## - Международен стандартен номер на книга ISBN | |
| Международен стандартен номер на книга ISBN | 978-954-26-2371-7 |
| 040 ## - Източник на каталожния запис | |
| Идентификатор на билиотеката - собственик на записа | BLK |
| 041 ## - Код за език | |
| Код за езика на текст/звукозапис или на отделно заглавие | Български |
| Код за езика КДБФ | Български |
| 080 ## - УДК | |
| Текстов определител УДК | Американска литература (на САЩ) |
| УДК код - определител по УДК | 821.111(73) |
| УДК - код + определител | 821.111(73)-93-34 |
| 100 ## - Редна дума - Автор | |
| Автор | Доерфелд, Кори |
| Авторска отговорност | първи автор |
| R(LIN) | 402174 |
| 139 ## - Редно поле | |
| Редна дума | Доерфелд, Кори |
| Авторски знак | Дод - Д 70 |
| 245 ## - Сведения за заглавието | |
| Заглавие | Готови да полетим |
| Редно поле (дума) | текст и ил. Кори Доерфелд, прев. Даниела Атанасова |
| 260 ## - Област на издателските данни | |
| 9 (RLIN) | 209439 |
| Място на издаване, разпространение и проч. | Пловдив |
| Име на издателя, разпространителя и проч. | Хермес |
| Година на издаване | 2024 |
| 300 ## - Физическа характеристика | |
| Страници | 40 с. |
| Размери/Мащаб | 26Х26 см |
| 380 ## - Жанр | |
| Жанр | Детска худож. лит. |
| 500 ## - Общи забележки | |
| Забележка | Ориг. загл.: Ready to soar / Cori Doerrfeld |
| 700 ## - Други автори (авторска отговорност) | |
| 9 (RLIN) | 331832 |
| Лично име | Атанасова, Даниела Тенева |
| 942 ## - АРТИКУЛИ | |
| Вид на библиотечния материал | Книги |
| Скрит в OPAC | Не |
| Периодичен библиозапис | Да |
| Koha issues (borrowed), all copies | 56 |
| 999 ## - СИСТЕМНИ КОНТРОЛНИ НОМЕРА | |
| Koha biblionumber | 547204 |
| Koha biblioitemnumber | 547204 |
| 944 ## - СЪЗДАВАНЕ И РЕДАКЦИЯ на ЗАПИСА | |
| Създаване/Редакция | |
| Дата на регистрацията/редакция | Нора Радева |
| Служител, извършил регистрацията/редакцията | 30545 |
| Статус, дата на статуса | Нора Радева |
Няма налични копия.